| 000 | 00895nam a22002177a 4500 | ||
|---|---|---|---|
| 003 | 0 | ||
| 005 | 20250129103444.0 | ||
| 008 | 150923b xxu||||| |||| 00| 0 eng d | ||
| 050 |
_aPGS QR 201.S8 _b.L477 2015 |
||
| 100 | _aLee, Seon Woo. | ||
| 245 |
_aThe efficiency of Terminalia catappa against Staphylococcus aureus / _cSeon Woo Lee. |
||
| 260 |
_aLas PiƱas City, Philippines : _bSouthville International School and Colleges, _c2015. |
||
| 300 |
_a29 p. : _bill. ; _c28 cm. _fPASS |
||
| 504 | _aIncludes bibliographical references. | ||
| 650 |
_2Library of Congress Subject Headings _aTerminalia catappa _vTherapeutic use. |
||
| 650 |
_2Library of Congress Subject Headings _aStaphylococcus aureus _vEffect of drugs on. |
||
| 650 |
_aMedicinal plants _vTherapeutic use. |
||
| 650 |
_aAntimicrobial agents _vPharmacology. |
||
| 650 |
_aPlant extracts _vPharmacology. |
||
| 942 |
_2lcc _cPASS |
||
| 999 |
_c288727 _d288727 |
||